Cría industria de conejos para carne : selección y sanidad /
Guardado en:
| Autor Principal: | |
|---|---|
| Formato: | Libro |
| Publicado: |
Buenos Aires :
Hemisferio Sur,
1976
|
| Materias: | |
| Etiquetas: |
Agregar Etiqueta
Sin Etiquetas, Sea el primero en etiquetar este registro!
|
| LEADER | 00985nam a22002295a 4500 | ||
|---|---|---|---|
| 001 | CEM.cems017963 | ||
| 005 | 20130307120039.0 | ||
| 008 | 130507s1976##################000#0#####d | ||
| 003 | CEMS | ||
| 082 | 0 | 4 | |a 636.9 |
| 100 | 1 | |a Mayolas, Emilio de | |
| 245 | 1 | 0 | |a Cría industria de conejos para carne : |b selección y sanidad / |c Emilio de Mayolas |
| 260 | |a Buenos Aires : |b Hemisferio Sur, |c 1976 | ||
| 300 | |a 111 p. | ||
| 505 | 0 | |a Características morfológicas a considerar al seleccionar -- Características fisiológicas a considerar al seleccionar -- Características psicológicas a considerar al seleccionar -- Patología del conejo -- Prevención sanitaria -- Enfermedades más comunes -- Estados carenciales | |
| 653 | |a Conejos | ||
| 653 | |a Conejos para carne | ||
| 653 | |a Cunicultura | ||
| 653 | |a Conejos para carne-selección | ||
| 653 | |a Conejos para carne-sanidad | ||
| 653 | |a Conejos-enfermedades | ||
| 859 | |a CEMS |b BIB. CEMS - Agricultura |h 636.9 |i M454 |p A1803.13 |t Ej.1 |v III |3 III | ||
